000 00505nam a2200193Ia 4500
005 20250508165652.0
008 008 250505s9999 xx 000 0 eng d
037 _aTextual
040 _aFEDL
_beng
_cFEDL
041 _aeng
_2eng
084 _a530, LAN
_qFEDL
100 _aLange V.N
_9781563
245 0 _aPhysical paradoxes and sophisms
260 _aMoscow
_bMir Publishers
_c1987
300 _a232p.
365 _aINR
_b9.5
942 _cTEXL
_h530, LAN
999 _c1396635
_d1396635